La expresión: una introducción a la filosofía de la comunicación
Uloženo v:
| Hlavní autor: | |
|---|---|
| Médium: | Kniha |
| Jazyk: | španělština |
| Vydáno: |
Madrid
Visor Libros
1989
|
| Témata: | |
| Tagy: |
Přidat tag
Žádné tagy, Buďte první, kdo vytvoří štítek k tomuto záznamu!
|
MARC
| LEADER | 00000nam a2200000 a 4500 | ||
|---|---|---|---|
| 001 | UCP8413 | ||
| 003 | CL-VaPUC | ||
| 008 | 000114e19890000SP |||||||||||||||||spa|d | ||
| 082 | 0 | 4 | |a 302.2 |b PIÑ |2 21 |
| 100 | 0 | |a Piñuel Raigada, José Luis |e author |9 438357 | |
| 245 | 1 | 3 | |a La expresión: una introducción a la filosofía de la comunicación |
| 300 | |a 239 p | ||
| 942 | |c BK | ||
| 945 | |d 20000114 00:00:00 |a rbrito | ||
| 260 | |a Madrid |b Visor Libros |c 1989 | ||
| 650 | 0 | |a Comunicación |9 257251 | |
| 650 | 0 | |a Epistemología |9 264994 | |
| 650 | 0 | |a Filosofía del lenguaje |9 257082 | |
| 583 | |a last modification |c 20121003 12:12:08 |k Rodrigo Vera | ||
| 999 | |c 285313 |d 285311 | ||
| 952 | |0 0 |1 0 |4 0 |6 302_200000000000000_PIÑ_1989 |7 0 |8 A |9 329835 |a BIBCUR |b BIBCUR |d 2019-11-20 |i 359128K |o 302.2 PIÑ 1989 |p 359128K |r 2025-04-22 |w 2019-11-20 |y BK |k PER | ||